| 000 | 00744nam a22002172 4500 | ||
|---|---|---|---|
| 001 | 0000002410 | ||
| 005 | 20151217151853.0 | ||
| 008 | 070410s xx 000 0 eng d | ||
| 020 |
_a007043624X : _cKES 1,700 |
||
| 040 |
_aKABU _cKABU |
||
| 050 | 0 |
_aHF5667.12 _b.B43 2002 |
|
| 100 | 1 |
_aBhatia, Mohan. _@0000151762 |
|
| 245 | 1 | 0 |
_aAuditing in a computerised environment / _cMohan Bhatia. |
| 260 |
_aNew Delhi : _bTata McGraw-Hill, _cc2002. |
||
| 300 |
_axvi, 654 p. ; _c24 cm. + _e1 computer laser optical disc (43/4 in.) |
||
| 650 | 0 |
_aAuditing _xData processing. _@0000151763 |
|
| 908 | _a070410 | ||
| 950 | _@1 | ||
| 999 |
_c5843 _d5843 |
||